<?xml version="1.0" encoding="UTF-8"?>
<record
    xmlns:xsi="http://www.w3.org/2001/XMLSchema-instance"
    xsi:schemaLocation="http://www.loc.gov/MARC21/slim http://www.loc.gov/standards/marcxml/schema/MARC21slim.xsd"
    xmlns="http://www.loc.gov/MARC21/slim">

  <leader>00316nam a2200133Ia 4500</leader>
  <controlfield tag="003">OSt</controlfield>
  <controlfield tag="005">20240112122418.0</controlfield>
  <controlfield tag="008">170524s9999    xx            000 0 und d</controlfield>
  <datafield tag="020" ind1=" " ind2=" ">
    <subfield code="a">9788177000658</subfield>
  </datafield>
  <datafield tag="040" ind1=" " ind2=" ">
    <subfield code="c">iimt university meerut</subfield>
  </datafield>
  <datafield tag="100" ind1=" " ind2=" ">
    <subfield code="a">MAHAJAN- M.</subfield>
  </datafield>
  <datafield tag="245" ind1=" " ind2="0">
    <subfield code="a">STATISTICAL QUALITY CONTROL</subfield>
  </datafield>
  <datafield tag="942" ind1=" " ind2=" ">
    <subfield code="2">ddc</subfield>
    <subfield code="c">02</subfield>
  </datafield>
  <datafield tag="999" ind1=" " ind2=" ">
    <subfield code="c">3661</subfield>
    <subfield code="d">3661</subfield>
  </datafield>
  <datafield tag="952" ind1=" " ind2=" ">
    <subfield code="0">0</subfield>
    <subfield code="1">0</subfield>
    <subfield code="2">ddc</subfield>
    <subfield code="4">0</subfield>
    <subfield code="7">0</subfield>
    <subfield code="a">01</subfield>
    <subfield code="b">01</subfield>
    <subfield code="d">2017-06-01</subfield>
    <subfield code="p">01-B-27256</subfield>
    <subfield code="r">2017-06-01</subfield>
    <subfield code="u">statistics</subfield>
    <subfield code="w">2017-06-01</subfield>
    <subfield code="y">02</subfield>
  </datafield>
  <datafield tag="952" ind1=" " ind2=" ">
    <subfield code="0">0</subfield>
    <subfield code="1">0</subfield>
    <subfield code="2">ddc</subfield>
    <subfield code="4">0</subfield>
    <subfield code="7">0</subfield>
    <subfield code="a">01</subfield>
    <subfield code="b">01</subfield>
    <subfield code="d">2017-06-01</subfield>
    <subfield code="p">01-B-27257</subfield>
    <subfield code="r">2017-06-01</subfield>
    <subfield code="u">statistics</subfield>
    <subfield code="w">2017-06-01</subfield>
    <subfield code="y">02</subfield>
  </datafield>
  <datafield tag="952" ind1=" " ind2=" ">
    <subfield code="0">0</subfield>
    <subfield code="1">0</subfield>
    <subfield code="2">ddc</subfield>
    <subfield code="4">0</subfield>
    <subfield code="7">0</subfield>
    <subfield code="a">01</subfield>
    <subfield code="b">01</subfield>
    <subfield code="d">2017-06-01</subfield>
    <subfield code="p">01-B-27258</subfield>
    <subfield code="r">2017-06-01</subfield>
    <subfield code="u">statistics</subfield>
    <subfield code="w">2017-06-01</subfield>
    <subfield code="y">02</subfield>
  </datafield>
  <datafield tag="952" ind1=" " ind2=" ">
    <subfield code="0">0</subfield>
    <subfield code="1">0</subfield>
    <subfield code="2">ddc</subfield>
    <subfield code="4">0</subfield>
    <subfield code="7">0</subfield>
    <subfield code="a">01</subfield>
    <subfield code="b">01</subfield>
    <subfield code="d">2017-06-01</subfield>
    <subfield code="p">01-B-27275</subfield>
    <subfield code="r">2017-06-01</subfield>
    <subfield code="u">statistics</subfield>
    <subfield code="w">2017-06-01</subfield>
    <subfield code="y">02</subfield>
  </datafield>
  <datafield tag="952" ind1=" " ind2=" ">
    <subfield code="0">0</subfield>
    <subfield code="1">0</subfield>
    <subfield code="2">ddc</subfield>
    <subfield code="4">0</subfield>
    <subfield code="7">0</subfield>
    <subfield code="a">01</subfield>
    <subfield code="b">01</subfield>
    <subfield code="d">2017-06-01</subfield>
    <subfield code="p">01-B-27276</subfield>
    <subfield code="r">2017-06-01</subfield>
    <subfield code="u">statistics</subfield>
    <subfield code="w">2017-06-01</subfield>
    <subfield code="y">02</subfield>
  </datafield>
  <datafield tag="952" ind1=" " ind2=" ">
    <subfield code="0">0</subfield>
    <subfield code="1">0</subfield>
    <subfield code="2">ddc</subfield>
    <subfield code="4">0</subfield>
    <subfield code="7">0</subfield>
    <subfield code="a">01</subfield>
    <subfield code="b">01</subfield>
    <subfield code="d">2017-06-01</subfield>
    <subfield code="p">01-B-27277</subfield>
    <subfield code="r">2017-06-01</subfield>
    <subfield code="u">statistics</subfield>
    <subfield code="w">2017-06-01</subfield>
    <subfield code="y">02</subfield>
  </datafield>
  <datafield tag="952" ind1=" " ind2=" ">
    <subfield code="0">0</subfield>
    <subfield code="1">0</subfield>
    <subfield code="2">ddc</subfield>
    <subfield code="4">0</subfield>
    <subfield code="7">0</subfield>
    <subfield code="a">01</subfield>
    <subfield code="b">01</subfield>
    <subfield code="d">2017-06-01</subfield>
    <subfield code="p">01-B-27278</subfield>
    <subfield code="r">2017-06-01</subfield>
    <subfield code="u">statistics</subfield>
    <subfield code="w">2017-06-01</subfield>
    <subfield code="y">02</subfield>
  </datafield>
  <datafield tag="952" ind1=" " ind2=" ">
    <subfield code="0">0</subfield>
    <subfield code="1">0</subfield>
    <subfield code="2">ddc</subfield>
    <subfield code="4">0</subfield>
    <subfield code="7">0</subfield>
    <subfield code="a">01</subfield>
    <subfield code="b">01</subfield>
    <subfield code="d">2017-06-01</subfield>
    <subfield code="p">01-B-27279</subfield>
    <subfield code="r">2017-06-01</subfield>
    <subfield code="u">statistics</subfield>
    <subfield code="w">2017-06-01</subfield>
    <subfield code="y">02</subfield>
  </datafield>
  <datafield tag="952" ind1=" " ind2=" ">
    <subfield code="0">0</subfield>
    <subfield code="1">0</subfield>
    <subfield code="2">ddc</subfield>
    <subfield code="4">0</subfield>
    <subfield code="7">0</subfield>
    <subfield code="a">01</subfield>
    <subfield code="b">01</subfield>
    <subfield code="d">2017-06-01</subfield>
    <subfield code="p">01-B-27280</subfield>
    <subfield code="r">2017-06-01</subfield>
    <subfield code="u">statistics</subfield>
    <subfield code="w">2017-06-01</subfield>
    <subfield code="y">02</subfield>
  </datafield>
  <datafield tag="952" ind1=" " ind2=" ">
    <subfield code="0">0</subfield>
    <subfield code="1">0</subfield>
    <subfield code="2">ddc</subfield>
    <subfield code="4">0</subfield>
    <subfield code="7">0</subfield>
    <subfield code="a">01</subfield>
    <subfield code="b">01</subfield>
    <subfield code="d">2017-06-01</subfield>
    <subfield code="p">01-B-27281</subfield>
    <subfield code="r">2017-06-01</subfield>
    <subfield code="u">statistics</subfield>
    <subfield code="w">2017-06-01</subfield>
    <subfield code="y">02</subfield>
  </datafield>
  <datafield tag="952" ind1=" " ind2=" ">
    <subfield code="0">0</subfield>
    <subfield code="1">0</subfield>
    <subfield code="2">ddc</subfield>
    <subfield code="4">0</subfield>
    <subfield code="7">0</subfield>
    <subfield code="a">01</subfield>
    <subfield code="b">01</subfield>
    <subfield code="d">2017-06-01</subfield>
    <subfield code="p">01-B-27282</subfield>
    <subfield code="r">2017-06-01</subfield>
    <subfield code="u">statistics</subfield>
    <subfield code="w">2017-06-01</subfield>
    <subfield code="y">02</subfield>
  </datafield>
  <datafield tag="952" ind1=" " ind2=" ">
    <subfield code="0">0</subfield>
    <subfield code="1">0</subfield>
    <subfield code="2">ddc</subfield>
    <subfield code="4">0</subfield>
    <subfield code="7">0</subfield>
    <subfield code="a">01</subfield>
    <subfield code="b">01</subfield>
    <subfield code="d">2017-06-01</subfield>
    <subfield code="p">01-B-27283</subfield>
    <subfield code="r">2017-06-01</subfield>
    <subfield code="u">statistics</subfield>
    <subfield code="w">2017-06-01</subfield>
    <subfield code="y">02</subfield>
  </datafield>
  <datafield tag="952" ind1=" " ind2=" ">
    <subfield code="0">0</subfield>
    <subfield code="1">0</subfield>
    <subfield code="2">ddc</subfield>
    <subfield code="4">0</subfield>
    <subfield code="7">0</subfield>
    <subfield code="a">01</subfield>
    <subfield code="b">01</subfield>
    <subfield code="d">2017-06-01</subfield>
    <subfield code="p">01-B-27284</subfield>
    <subfield code="r">2017-06-01</subfield>
    <subfield code="u">statistics</subfield>
    <subfield code="w">2017-06-01</subfield>
    <subfield code="y">02</subfield>
  </datafield>
  <datafield tag="952" ind1=" " ind2=" ">
    <subfield code="0">0</subfield>
    <subfield code="1">0</subfield>
    <subfield code="2">ddc</subfield>
    <subfield code="4">0</subfield>
    <subfield code="7">0</subfield>
    <subfield code="a">01</subfield>
    <subfield code="b">01</subfield>
    <subfield code="d">2017-06-01</subfield>
    <subfield code="l">2</subfield>
    <subfield code="p">01-B-121114</subfield>
    <subfield code="r">2021-07-26</subfield>
    <subfield code="s">2021-04-13</subfield>
    <subfield code="u">statistics</subfield>
    <subfield code="w">2017-06-01</subfield>
    <subfield code="y">02</subfield>
  </datafield>
  <datafield tag="952" ind1=" " ind2=" ">
    <subfield code="0">0</subfield>
    <subfield code="1">0</subfield>
    <subfield code="2">ddc</subfield>
    <subfield code="4">0</subfield>
    <subfield code="7">0</subfield>
    <subfield code="a">01</subfield>
    <subfield code="b">01</subfield>
    <subfield code="d">2017-06-01</subfield>
    <subfield code="l">2</subfield>
    <subfield code="p">01-B-121115</subfield>
    <subfield code="r">2025-01-22</subfield>
    <subfield code="s">2024-09-17</subfield>
    <subfield code="u">statistics</subfield>
    <subfield code="w">2017-06-01</subfield>
    <subfield code="y">02</subfield>
  </datafield>
  <datafield tag="952" ind1=" " ind2=" ">
    <subfield code="0">0</subfield>
    <subfield code="1">0</subfield>
    <subfield code="2">ddc</subfield>
    <subfield code="4">0</subfield>
    <subfield code="7">0</subfield>
    <subfield code="a">01</subfield>
    <subfield code="b">01</subfield>
    <subfield code="d">2017-06-01</subfield>
    <subfield code="p">01-B-121116</subfield>
    <subfield code="r">2017-06-01</subfield>
    <subfield code="u">statistics</subfield>
    <subfield code="w">2017-06-01</subfield>
    <subfield code="y">02</subfield>
  </datafield>
  <datafield tag="952" ind1=" " ind2=" ">
    <subfield code="0">0</subfield>
    <subfield code="1">0</subfield>
    <subfield code="2">ddc</subfield>
    <subfield code="4">0</subfield>
    <subfield code="7">0</subfield>
    <subfield code="a">01</subfield>
    <subfield code="b">01</subfield>
    <subfield code="d">2017-06-01</subfield>
    <subfield code="p">01-B-121117</subfield>
    <subfield code="r">2017-06-01</subfield>
    <subfield code="u">statistics</subfield>
    <subfield code="w">2017-06-01</subfield>
    <subfield code="y">02</subfield>
  </datafield>
  <datafield tag="952" ind1=" " ind2=" ">
    <subfield code="0">0</subfield>
    <subfield code="1">0</subfield>
    <subfield code="2">ddc</subfield>
    <subfield code="4">0</subfield>
    <subfield code="7">0</subfield>
    <subfield code="a">01</subfield>
    <subfield code="b">01</subfield>
    <subfield code="d">2017-06-01</subfield>
    <subfield code="p">01-B-121118</subfield>
    <subfield code="r">2017-06-01</subfield>
    <subfield code="u">statistics</subfield>
    <subfield code="w">2017-06-01</subfield>
    <subfield code="y">02</subfield>
  </datafield>
  <datafield tag="952" ind1=" " ind2=" ">
    <subfield code="0">0</subfield>
    <subfield code="1">0</subfield>
    <subfield code="2">ddc</subfield>
    <subfield code="4">0</subfield>
    <subfield code="7">0</subfield>
    <subfield code="a">01</subfield>
    <subfield code="b">01</subfield>
    <subfield code="d">2017-06-01</subfield>
    <subfield code="l">2</subfield>
    <subfield code="p">01-B-121119</subfield>
    <subfield code="r">2021-07-27</subfield>
    <subfield code="s">2021-02-02</subfield>
    <subfield code="u">statistics</subfield>
    <subfield code="w">2017-06-01</subfield>
    <subfield code="y">02</subfield>
  </datafield>
  <datafield tag="952" ind1=" " ind2=" ">
    <subfield code="0">0</subfield>
    <subfield code="1">0</subfield>
    <subfield code="2">ddc</subfield>
    <subfield code="4">0</subfield>
    <subfield code="7">0</subfield>
    <subfield code="a">01</subfield>
    <subfield code="b">01</subfield>
    <subfield code="d">2017-06-01</subfield>
    <subfield code="p">01-B-121120</subfield>
    <subfield code="r">2017-06-01</subfield>
    <subfield code="u">statistics</subfield>
    <subfield code="w">2017-06-01</subfield>
    <subfield code="y">02</subfield>
  </datafield>
  <datafield tag="952" ind1=" " ind2=" ">
    <subfield code="0">0</subfield>
    <subfield code="1">0</subfield>
    <subfield code="2">ddc</subfield>
    <subfield code="4">0</subfield>
    <subfield code="7">0</subfield>
    <subfield code="a">01</subfield>
    <subfield code="b">01</subfield>
    <subfield code="d">2017-06-01</subfield>
    <subfield code="p">01-B-121121</subfield>
    <subfield code="r">2017-06-01</subfield>
    <subfield code="u">statistics</subfield>
    <subfield code="w">2017-06-01</subfield>
    <subfield code="y">02</subfield>
  </datafield>
  <datafield tag="952" ind1=" " ind2=" ">
    <subfield code="0">0</subfield>
    <subfield code="1">0</subfield>
    <subfield code="2">ddc</subfield>
    <subfield code="4">0</subfield>
    <subfield code="7">0</subfield>
    <subfield code="a">01</subfield>
    <subfield code="b">01</subfield>
    <subfield code="d">2017-06-01</subfield>
    <subfield code="l">1</subfield>
    <subfield code="p">01-B-121122</subfield>
    <subfield code="r">2021-07-27</subfield>
    <subfield code="s">2021-01-21</subfield>
    <subfield code="u">statistics</subfield>
    <subfield code="w">2017-06-01</subfield>
    <subfield code="y">02</subfield>
  </datafield>
  <datafield tag="952" ind1=" " ind2=" ">
    <subfield code="0">0</subfield>
    <subfield code="1">0</subfield>
    <subfield code="2">ddc</subfield>
    <subfield code="4">0</subfield>
    <subfield code="7">0</subfield>
    <subfield code="a">01</subfield>
    <subfield code="b">01</subfield>
    <subfield code="d">2017-06-01</subfield>
    <subfield code="p">01-B-121123</subfield>
    <subfield code="r">2017-06-01</subfield>
    <subfield code="u">statistics</subfield>
    <subfield code="w">2017-06-01</subfield>
    <subfield code="y">02</subfield>
  </datafield>
  <datafield tag="952" ind1=" " ind2=" ">
    <subfield code="0">0</subfield>
    <subfield code="1">0</subfield>
    <subfield code="2">ddc</subfield>
    <subfield code="4">0</subfield>
    <subfield code="7">0</subfield>
    <subfield code="a">01</subfield>
    <subfield code="b">01</subfield>
    <subfield code="d">2017-06-01</subfield>
    <subfield code="p">01-B-121124</subfield>
    <subfield code="r">2017-06-01</subfield>
    <subfield code="u">statistics</subfield>
    <subfield code="w">2017-06-01</subfield>
    <subfield code="y">02</subfield>
  </datafield>
  <datafield tag="952" ind1=" " ind2=" ">
    <subfield code="0">0</subfield>
    <subfield code="1">0</subfield>
    <subfield code="2">ddc</subfield>
    <subfield code="4">0</subfield>
    <subfield code="7">0</subfield>
    <subfield code="a">01</subfield>
    <subfield code="b">01</subfield>
    <subfield code="d">2017-06-01</subfield>
    <subfield code="p">01-B-121125</subfield>
    <subfield code="r">2017-06-01</subfield>
    <subfield code="u">statistics</subfield>
    <subfield code="w">2017-06-01</subfield>
    <subfield code="y">02</subfield>
  </datafield>
  <datafield tag="952" ind1=" " ind2=" ">
    <subfield code="0">0</subfield>
    <subfield code="1">0</subfield>
    <subfield code="2">ddc</subfield>
    <subfield code="4">0</subfield>
    <subfield code="7">0</subfield>
    <subfield code="a">01</subfield>
    <subfield code="b">01</subfield>
    <subfield code="d">2017-06-01</subfield>
    <subfield code="p">01-B-121126</subfield>
    <subfield code="r">2017-06-01</subfield>
    <subfield code="u">statistics</subfield>
    <subfield code="w">2017-06-01</subfield>
    <subfield code="y">02</subfield>
  </datafield>
  <datafield tag="952" ind1=" " ind2=" ">
    <subfield code="0">0</subfield>
    <subfield code="1">0</subfield>
    <subfield code="2">ddc</subfield>
    <subfield code="4">0</subfield>
    <subfield code="7">0</subfield>
    <subfield code="a">01</subfield>
    <subfield code="b">01</subfield>
    <subfield code="d">2017-06-01</subfield>
    <subfield code="l">1</subfield>
    <subfield code="p">01-B-121127</subfield>
    <subfield code="r">2021-07-26</subfield>
    <subfield code="s">2021-07-09</subfield>
    <subfield code="u">statistics</subfield>
    <subfield code="w">2017-06-01</subfield>
    <subfield code="y">02</subfield>
  </datafield>
  <datafield tag="952" ind1=" " ind2=" ">
    <subfield code="0">0</subfield>
    <subfield code="1">0</subfield>
    <subfield code="2">ddc</subfield>
    <subfield code="4">0</subfield>
    <subfield code="7">0</subfield>
    <subfield code="a">01</subfield>
    <subfield code="b">01</subfield>
    <subfield code="d">2017-06-01</subfield>
    <subfield code="l">2</subfield>
    <subfield code="p">01-B-121128</subfield>
    <subfield code="r">2022-01-10</subfield>
    <subfield code="s">2021-10-23</subfield>
    <subfield code="u">statistics</subfield>
    <subfield code="w">2017-06-01</subfield>
    <subfield code="y">02</subfield>
  </datafield>
  <datafield tag="952" ind1=" " ind2=" ">
    <subfield code="0">0</subfield>
    <subfield code="1">0</subfield>
    <subfield code="2">ddc</subfield>
    <subfield code="4">0</subfield>
    <subfield code="7">0</subfield>
    <subfield code="a">01</subfield>
    <subfield code="b">01</subfield>
    <subfield code="d">2017-06-01</subfield>
    <subfield code="p">01-B-121129</subfield>
    <subfield code="r">2017-06-01</subfield>
    <subfield code="u">statistics</subfield>
    <subfield code="w">2017-06-01</subfield>
    <subfield code="y">02</subfield>
  </datafield>
  <datafield tag="952" ind1=" " ind2=" ">
    <subfield code="0">0</subfield>
    <subfield code="1">0</subfield>
    <subfield code="2">ddc</subfield>
    <subfield code="4">0</subfield>
    <subfield code="7">0</subfield>
    <subfield code="a">01</subfield>
    <subfield code="b">01</subfield>
    <subfield code="d">2017-06-01</subfield>
    <subfield code="l">5</subfield>
    <subfield code="p">01-B-121130</subfield>
    <subfield code="r">2024-01-08</subfield>
    <subfield code="s">2023-10-18</subfield>
    <subfield code="u">statistics</subfield>
    <subfield code="w">2017-06-01</subfield>
    <subfield code="y">02</subfield>
  </datafield>
  <datafield tag="952" ind1=" " ind2=" ">
    <subfield code="0">0</subfield>
    <subfield code="1">0</subfield>
    <subfield code="2">ddc</subfield>
    <subfield code="4">0</subfield>
    <subfield code="7">0</subfield>
    <subfield code="a">01</subfield>
    <subfield code="b">01</subfield>
    <subfield code="d">2017-06-01</subfield>
    <subfield code="p">01-B-121131</subfield>
    <subfield code="r">2017-06-01</subfield>
    <subfield code="u">statistics</subfield>
    <subfield code="w">2017-06-01</subfield>
    <subfield code="y">02</subfield>
  </datafield>
  <datafield tag="952" ind1=" " ind2=" ">
    <subfield code="0">0</subfield>
    <subfield code="1">0</subfield>
    <subfield code="2">ddc</subfield>
    <subfield code="4">0</subfield>
    <subfield code="7">0</subfield>
    <subfield code="a">01</subfield>
    <subfield code="b">01</subfield>
    <subfield code="d">2017-06-01</subfield>
    <subfield code="p">01-B-121132</subfield>
    <subfield code="r">2017-06-01</subfield>
    <subfield code="u">statistics</subfield>
    <subfield code="w">2017-06-01</subfield>
    <subfield code="y">02</subfield>
  </datafield>
  <datafield tag="952" ind1=" " ind2=" ">
    <subfield code="0">0</subfield>
    <subfield code="1">0</subfield>
    <subfield code="2">ddc</subfield>
    <subfield code="4">0</subfield>
    <subfield code="7">0</subfield>
    <subfield code="a">01</subfield>
    <subfield code="b">01</subfield>
    <subfield code="d">2017-06-01</subfield>
    <subfield code="l">2</subfield>
    <subfield code="p">01-B-121133</subfield>
    <subfield code="r">2019-01-04</subfield>
    <subfield code="s">2018-12-14</subfield>
    <subfield code="u">statistics</subfield>
    <subfield code="w">2017-06-01</subfield>
    <subfield code="y">02</subfield>
  </datafield>
  <datafield tag="952" ind1=" " ind2=" ">
    <subfield code="0">0</subfield>
    <subfield code="1">0</subfield>
    <subfield code="2">ddc</subfield>
    <subfield code="4">0</subfield>
    <subfield code="7">0</subfield>
    <subfield code="a">13</subfield>
    <subfield code="b">13</subfield>
    <subfield code="e">22</subfield>
    <subfield code="g">100.00</subfield>
    <subfield code="l">0</subfield>
    <subfield code="p">13-B-631</subfield>
    <subfield code="r">2017-06-23</subfield>
    <subfield code="w">2017-06-23</subfield>
    <subfield code="y">01</subfield>
  </datafield>
  <datafield tag="952" ind1=" " ind2=" ">
    <subfield code="0">0</subfield>
    <subfield code="1">0</subfield>
    <subfield code="2">ddc</subfield>
    <subfield code="4">0</subfield>
    <subfield code="7">0</subfield>
    <subfield code="a">13</subfield>
    <subfield code="b">13</subfield>
    <subfield code="e">22</subfield>
    <subfield code="g">100.00</subfield>
    <subfield code="l">0</subfield>
    <subfield code="p">13-B-632</subfield>
    <subfield code="r">2017-06-23</subfield>
    <subfield code="w">2017-06-23</subfield>
    <subfield code="y">01</subfield>
  </datafield>
  <datafield tag="952" ind1=" " ind2=" ">
    <subfield code="0">0</subfield>
    <subfield code="1">0</subfield>
    <subfield code="2">ddc</subfield>
    <subfield code="4">0</subfield>
    <subfield code="7">0</subfield>
    <subfield code="a">13</subfield>
    <subfield code="b">13</subfield>
    <subfield code="e">22</subfield>
    <subfield code="g">100.00</subfield>
    <subfield code="l">0</subfield>
    <subfield code="p">13-B-633</subfield>
    <subfield code="r">2017-06-23</subfield>
    <subfield code="w">2017-06-23</subfield>
    <subfield code="y">01</subfield>
  </datafield>
  <datafield tag="952" ind1=" " ind2=" ">
    <subfield code="0">0</subfield>
    <subfield code="1">0</subfield>
    <subfield code="2">ddc</subfield>
    <subfield code="4">0</subfield>
    <subfield code="7">0</subfield>
    <subfield code="a">13</subfield>
    <subfield code="b">13</subfield>
    <subfield code="e">22</subfield>
    <subfield code="g">100.00</subfield>
    <subfield code="l">0</subfield>
    <subfield code="p">13-B-634</subfield>
    <subfield code="r">2017-06-23</subfield>
    <subfield code="w">2017-06-23</subfield>
    <subfield code="y">01</subfield>
  </datafield>
  <datafield tag="952" ind1=" " ind2=" ">
    <subfield code="0">0</subfield>
    <subfield code="1">0</subfield>
    <subfield code="2">ddc</subfield>
    <subfield code="4">0</subfield>
    <subfield code="7">0</subfield>
    <subfield code="a">13</subfield>
    <subfield code="b">13</subfield>
    <subfield code="e">22</subfield>
    <subfield code="g">100.00</subfield>
    <subfield code="l">0</subfield>
    <subfield code="p">13-B-635</subfield>
    <subfield code="r">2017-06-23</subfield>
    <subfield code="w">2017-06-23</subfield>
    <subfield code="y">01</subfield>
  </datafield>
  <datafield tag="952" ind1=" " ind2=" ">
    <subfield code="0">0</subfield>
    <subfield code="1">0</subfield>
    <subfield code="2">ddc</subfield>
    <subfield code="4">0</subfield>
    <subfield code="7">0</subfield>
    <subfield code="a">13</subfield>
    <subfield code="b">13</subfield>
    <subfield code="e">22</subfield>
    <subfield code="g">100.00</subfield>
    <subfield code="l">0</subfield>
    <subfield code="p">13-B-636</subfield>
    <subfield code="r">2017-06-23</subfield>
    <subfield code="w">2017-06-23</subfield>
    <subfield code="y">01</subfield>
  </datafield>
  <datafield tag="952" ind1=" " ind2=" ">
    <subfield code="0">0</subfield>
    <subfield code="1">0</subfield>
    <subfield code="2">ddc</subfield>
    <subfield code="4">0</subfield>
    <subfield code="7">0</subfield>
    <subfield code="a">13</subfield>
    <subfield code="b">13</subfield>
    <subfield code="e">22</subfield>
    <subfield code="g">100.00</subfield>
    <subfield code="l">0</subfield>
    <subfield code="p">13-B-637</subfield>
    <subfield code="r">2017-06-23</subfield>
    <subfield code="w">2017-06-23</subfield>
    <subfield code="y">01</subfield>
  </datafield>
  <datafield tag="952" ind1=" " ind2=" ">
    <subfield code="0">0</subfield>
    <subfield code="1">0</subfield>
    <subfield code="2">ddc</subfield>
    <subfield code="4">0</subfield>
    <subfield code="7">0</subfield>
    <subfield code="a">13</subfield>
    <subfield code="b">13</subfield>
    <subfield code="e">22</subfield>
    <subfield code="g">100.00</subfield>
    <subfield code="l">0</subfield>
    <subfield code="p">13-B-638</subfield>
    <subfield code="r">2017-06-23</subfield>
    <subfield code="w">2017-06-23</subfield>
    <subfield code="y">01</subfield>
  </datafield>
  <datafield tag="952" ind1=" " ind2=" ">
    <subfield code="0">0</subfield>
    <subfield code="1">0</subfield>
    <subfield code="2">ddc</subfield>
    <subfield code="4">0</subfield>
    <subfield code="7">0</subfield>
    <subfield code="a">13</subfield>
    <subfield code="b">13</subfield>
    <subfield code="e">22</subfield>
    <subfield code="g">100.00</subfield>
    <subfield code="l">0</subfield>
    <subfield code="p">13-B-639</subfield>
    <subfield code="r">2017-06-23</subfield>
    <subfield code="w">2017-06-23</subfield>
    <subfield code="y">01</subfield>
  </datafield>
  <datafield tag="952" ind1=" " ind2=" ">
    <subfield code="0">0</subfield>
    <subfield code="1">0</subfield>
    <subfield code="2">ddc</subfield>
    <subfield code="4">0</subfield>
    <subfield code="7">0</subfield>
    <subfield code="a">13</subfield>
    <subfield code="b">13</subfield>
    <subfield code="e">22</subfield>
    <subfield code="g">100.00</subfield>
    <subfield code="l">0</subfield>
    <subfield code="p">13-B-640</subfield>
    <subfield code="r">2017-06-23</subfield>
    <subfield code="w">2017-06-23</subfield>
    <subfield code="y">01</subfield>
  </datafield>
  <datafield tag="952" ind1=" " ind2=" ">
    <subfield code="0">0</subfield>
    <subfield code="1">0</subfield>
    <subfield code="2">ddc</subfield>
    <subfield code="4">0</subfield>
    <subfield code="7">0</subfield>
    <subfield code="a">21</subfield>
    <subfield code="b">21</subfield>
    <subfield code="d">2017-06-29</subfield>
    <subfield code="l">0</subfield>
    <subfield code="p">21-B-671</subfield>
    <subfield code="r">2017-06-29</subfield>
    <subfield code="w">2017-06-29</subfield>
    <subfield code="y">02</subfield>
  </datafield>
  <datafield tag="952" ind1=" " ind2=" ">
    <subfield code="0">0</subfield>
    <subfield code="1">0</subfield>
    <subfield code="2">ddc</subfield>
    <subfield code="4">0</subfield>
    <subfield code="7">0</subfield>
    <subfield code="a">21</subfield>
    <subfield code="b">21</subfield>
    <subfield code="d">2017-06-29</subfield>
    <subfield code="l">0</subfield>
    <subfield code="p">21-B-672</subfield>
    <subfield code="r">2017-06-29</subfield>
    <subfield code="w">2017-06-29</subfield>
    <subfield code="y">02</subfield>
  </datafield>
  <datafield tag="952" ind1=" " ind2=" ">
    <subfield code="0">0</subfield>
    <subfield code="1">0</subfield>
    <subfield code="2">ddc</subfield>
    <subfield code="4">0</subfield>
    <subfield code="7">0</subfield>
    <subfield code="a">21</subfield>
    <subfield code="b">21</subfield>
    <subfield code="d">2017-06-29</subfield>
    <subfield code="l">0</subfield>
    <subfield code="p">21-B-673</subfield>
    <subfield code="r">2017-06-29</subfield>
    <subfield code="w">2017-06-29</subfield>
    <subfield code="y">02</subfield>
  </datafield>
  <datafield tag="952" ind1=" " ind2=" ">
    <subfield code="0">0</subfield>
    <subfield code="1">0</subfield>
    <subfield code="2">ddc</subfield>
    <subfield code="4">0</subfield>
    <subfield code="7">0</subfield>
    <subfield code="a">21</subfield>
    <subfield code="b">21</subfield>
    <subfield code="d">2017-06-29</subfield>
    <subfield code="l">0</subfield>
    <subfield code="p">21-B-674</subfield>
    <subfield code="r">2017-06-29</subfield>
    <subfield code="w">2017-06-29</subfield>
    <subfield code="y">02</subfield>
  </datafield>
</record>
